000 01485nam2a22002651 4500
001 RU\NLR\INFOCOMM18\1000234595
005 20250617030838.0
035 _a(NLR Aleph) 002406180
090 _a4674885
_c4674885
100 _a20050107d1982 |||y0rusy50 ca
101 0 _arus
102 _aRU
105 _ay |||||||||
200 1 _aСовмещение плавки медьсодержащего сырья с конвертированием медных штейнов
_fИ.А. Монтильо, А.А. Цейдлер
210 _d1982
_aБ. м.
461 0 _1001RU\NLR\INFOCOMM18\1000234556
_12001#$aЦветная металлургия$eОбзор. информ.$iСерия "Производство тяжелых цветных металлов"$fЦНИИ экономики и информ. цв. металлургии. ЦНИИцветмет экономики и информ.$v1982, Вып.2
_94674772
_cМ.
_d1979-
_fЦНИИ экономики и информ. цв. металлургии. ЦНИИцветмет экономики и информ.
_iСерия "Производство тяжелых цветных металлов"
_oОбзор. информ.
_tЦветная металлургия
_v1982, Вып.2
700 1 _aМонтильо
_bИ.А.
_4070
701 1 _aЦейдлер
_bА.А.
_4070
801 1 _aRU
_bInfoComm
_c20050107
801 0 _aRU
_bNLR
_gPSBO
852 _aNLR
_jП10/5576
942 _cISSUE
980 _aNB
980 _aRUSPER